Διοίκηση παραγωγής

Αποθηκεύτηκε σε:
Λεπτομέρειες βιβλιογραφικής εγγραφής
Κύριος συγγραφέας: Δερβιτσιώτης, Κώστας Ν.
Μορφή: Βιβλίο
Γλώσσα:Greek
Δημοσίευση: Αθήνα : Νομική βιβλιοθήκη, c2006.
Έκδοση:4η έκδ.
Σειρά:Οικονομική βιβλιοθήκη (Νομική βιβλιοθήκη)
Θέματα:
Ετικέτες: Προσθήκη ετικέτας
Δεν υπάρχουν, Καταχωρήστε ετικέτα πρώτοι!

MARC

LEADER 00000cam a2200000 i 4500
001 1/105210
008 090519s2006 gr | ||| |||| ||gre||
020 |a 9789602723548 
035 |l 10104731 
040 |a GR-MY-UA  |b gre  |e aacr 
041 0 |a gre 
082 7 |a 658.5   |2 (22) 
100 1 |a Δερβιτσιώτης, Κώστας Ν. 
245 1 0 |a Διοίκηση παραγωγής /   |c Κώστας Ν. Δερβιτσιώτης. 
250 |a 4η έκδ. 
260 |a Αθήνα :   |b Νομική βιβλιοθήκη,   |c c2006. 
300 |a 560 σ. ;   |c 24 εκ. 
490 1 |a (Οικονομική βιβλιοθήκη / Νομική βιβλιοθήκη) 
504 |a Περιλαμβάνει βιβλιογραφία.  
650 0 0 |a Production management. 
830 0 |a Οικονομική βιβλιοθήκη (Νομική βιβλιοθήκη) 
852 |a INST  |b CHIOS  |e 20090519  |h 658.5 ΔΕΡ  |p 005200030345  |q 005200030345  |t BK  |y 0 
852 |a INST  |b CHIOS  |e 20090519  |h 658.5 ΔΕΡ  |p 005200030367  |q 005200030367  |t BK  |y 0 
852 |a INST  |b CHIOS  |e 20100816  |h 658.5 ΔΕΡ  |p 005200032023  |q 005200032023  |t BK  |y 0 
901 |a BIBL2-2009-2 
901 |a BIBL2-2010-2 
909 |a Χ  |b 147339 
909 |a Χ  |b 147340 
909 |a Χ  |b 148829 
970 |a ΒΑΣΙΛΑΚΗ  |b ΝΙΚΗ  |z 2009/05/19